000 00575nam a22002177a 4500
003 OSt
005 20160106121844.0
008 130308t xxu||||| |||| 00| 0 eng d
020 _a9781405892315
050 _aHF 1002
_b.H174 2010
082 _aIB 658.002
_bH14 2008
100 _aHall, Dave.
245 _aBusiness studies
_cDave Hall, ... et. al.
250 _a4th Ed.
260 _aHarlow, Essex :
_bPearson education,
_cc2010.
300 _aiv, 812 p. :
_bcol. : ill. ;
_c27 cm .
650 _aBusiness
942 _2lcc
_cBK
999 _c2172
_d2172